000 00797nam a2200229 4500
003 OSt
005 20260601170959.0
008 260421b1974\\\\sp\a||||\||||\00|\0\spa\d
020 _a843457358X
020 _a8434574179
040 _aICI
_bspa
_cICI
050 _aTS171
_bM363 1976
100 _aMaña, Jordi
_931093
245 1 _aEl Diseño Industrial
_ctexto: Jordi Maña ; personalidad entrevistada Ettore Sottsass; ilustración: Ma Dolores Alba, Josefa Casals, Carmen Llopis, Jaime Pisonero
264 _bSalvat Editores
_c1974
_aBarcelona
300 _a142 páginas
_b ilustraciones, fotografías a color
336 _atexto
_2rdacontent
337 _asin medio
_2rdamedia
338 _avolumen
_2rdacarrier
490 _a Bilbioteca Salvat de grandes temas. Libros GT
_v59
942 _2ddc
_cB
999 _c19974
_d19974